Fr. Conceicao Rodrigues College of Engineering

Using Oracle 8th (Record no. 27238)

MARC details
000 -LEADER
fixed length control field 00315nam a2200157Ia 4500
082 ## - DEWEY DECIMAL CLASSIFICATION NUMBER
Classification number 005.133'O'
Item number AKS
100 ## - MAIN ENTRY--PERSONAL NAME
Personal name Austin/ David
250 ## - EDITION STATEMENT
Edition statement 2
245 ## - TITLE STATEMENT
Title Using Oracle 8th
260 ## - PUBLICATION, DISTRIBUTION, ETC.
Name of publisher, distributor, etc. Prentice Hall
Date of publication, distribution, etc. 1998
300 ## - PHYSICAL DESCRIPTION
Extent 805
546 ## - LANGUAGE NOTE
Language note ENGLISH
654 ## - SUBJECT ADDED ENTRY--FACETED TOPICAL TERMS
Focus term Computer
942 ## - ADDED ENTRY ELEMENTS (KOHA)
Koha item type BOOK
Holdings
Withdrawn status Lost status Damaged status Not for loan Collection Home library Current library Date acquired Total Checkouts Full call number Barcode Date last seen Price effective from Koha item type
        CRC Fr. Agnel's C.Rodrigues College of Engineering Fr. Agnel's C.Rodrigues College of Engineering 17/03/2023   005.133'O' AKS 11475 17/03/2023 17/03/2023 BOOK